00203nam a22000977a 4500040000800000082001000008100001600018245003500034260002600069300001000095 cDLC a822.3 a Emma Smith aChristopher Marlowe the plays  aGreat Britain cc2000 a546;p